| 000 | 00709nam a22002177a 4500 | ||
|---|---|---|---|
| 003 | OSt | ||
| 005 | 20250701012015.0 | ||
| 008 | 250701b |||||||| |||| 00| 0 eng d | ||
| 020 | _a9789710596058 | ||
| 040 |
_aDWCL- Main lib _cOC |
||
| 082 | _aFil. 658.859 G573 2017 | ||
| 100 | _aGo, Josiah | ||
| 245 |
_aPrinciples and practices in marketing in the Philippines/ _cJosiah Go |
||
| 260 |
_aQuezon City, Philippines: _bJoshia and Cardina Go. Foundation, _cc2017 |
||
| 300 |
_axiii, 495 pages: _b illustrations; _c25 cm. |
||
| 504 | _aincludes index. | ||
| 650 | _a1. . Marketing--Philippines | ||
| 650 | _a2. Selling --Philippines | ||
| 700 | _aChiqui Escareal- Go | ||
| 942 |
_2ddc _cBK - FIL _kFil. _n0 |
||
| 999 |
_c3322 _d3322 |
||